Applications of circulation control technologies / (Record no. 594162)

000 -LEADER
fixed length control field 01196cam a22003137a 4500
001 - CONTROL NUMBER
control field 14611683
005 - DATE AND TIME OF LATEST TRANSACTION
control field 20230322174757.0
008 - FIXED-LENGTH DATA ELEMENTS--GENERAL INFORMATION
fixed length control field 061026s2006 vaua b 001 0 eng d
010 ## - LIBRARY OF CONGRESS CONTROL NUMBER
LC control number 2006285032
020 ## - INTERNATIONAL STANDARD BOOK NUMBER
International Standard Book Number 1563477890
035 ## - SYSTEM CONTROL NUMBER
System control number (OCoLC)ocm70260300
040 ## - CATALOGING SOURCE
Original cataloging agency UUM
Transcribing agency UUM
Modifying agency TTU
-- BAKER
-- DLC
042 ## - AUTHENTICATION CODE
Authentication code lccopycat
050 00 - LIBRARY OF CONGRESS CALL NUMBER
Classification number TL570
Item number .A693 2006
050 14 - LIBRARY OF CONGRESS CALL NUMBER
Classification number TL507
Item number .P75 v. 214
082 ## - DEWEY DECIMAL CLASSIFICATION NUMBER
Classification number 629.1323
Author Mark JOS
245 00 - TITLE STATEMENT
Title Applications of circulation control technologies /
Statement of responsibility, etc. edited by Ronald D. Joslin, Gregory S. Jones.
260 ## - PUBLICATION, DISTRIBUTION, ETC.
Place of publication, distribution, etc. Reston, VA :
Name of publisher, distributor, etc. American Institute of Aeronautics and Astronautics,
Date of publication, distribution, etc. c2006.
300 ## - PHYSICAL DESCRIPTION
Extent xix, 623 p. :
Other physical details ill. ;
Dimensions 24 cm.
440 #0 - SERIES STATEMENT/ADDED ENTRY--TITLE
Title Progress in astronautics and aeronautics ;
Volume/sequential designation v. 214
9 (RLIN) 82743
504 ## - BIBLIOGRAPHY, ETC. NOTE
Bibliography, etc. note Includes bibliographical references and indexes.
650 #0 - SUBJECT ADDED ENTRY--TOPICAL TERM
Topical term or geographic name entry element Aerodynamics.
9 (RLIN) 2589
650 #0 - SUBJECT ADDED ENTRY--TOPICAL TERM
Topical term or geographic name entry element Aerofoils.
9 (RLIN) 111209
700 1# - ADDED ENTRY--PERSONAL NAME
Personal name Joslin, R. D.
Fuller form of name (Ronald Douglas),
Dates associated with a name 1963-
9 (RLIN) 82740
700 1# - ADDED ENTRY--PERSONAL NAME
Personal name Jones, Gregory S.
9 (RLIN) 111211
906 ## - LOCAL DATA ELEMENT F, LDF (RLIN)
a 7
b cbc
c copycat
d 2
e ncip
f 20
g y-gencatlg
942 ## - ADDED ENTRY ELEMENTS (KOHA)
Source of classification or shelving scheme
Koha item type Book
Holdings
Withdrawn status Lost status Source of classification or shelving scheme Damaged status Not for loan Permanent Location Current Location Shelving location Date acquired Full call number Barcode Date last seen Price effective from Koha item type
          School of Mechanical & Manufacturing Engineering (SMME) School of Mechanical & Manufacturing Engineering (SMME) Aerospace Engineering 03/22/2023 629.1323 JOS SMME-3945 03/22/2023 03/22/2023 Book
© 2023 Central Library, National University of Sciences and Technology. All Rights Reserved.